000 00943cam a22001934a 4500
999 _c2744
_d2744
020 _a9781423902201
020 _a1423902203
050 0 0 _aHD69.P75
_bS392 2009
100 1 _aSchwalbe, Kathy.
245 1 0 _aIntroduction to project management /
_cKathy Schwalbe.
250 _a2nd ed.
260 _aBoston, Mass. :
_bCourse Technology,
_cc2009.
300 _axviii, 454 p. :
_bill. ;
_c24 cm. +
_e1 CD-ROM (4 3/4 in.)
500 _aAccompanied by 2 CD-ROMs called: Project management simulation software, and: Project professional 2003.
505 _aAn introduction to project, program, and portfolio management -- Project, program and portfolio selection -- Initiating projects -- Planning projects, Part 1 -- Planning projects Part 2 -- Executing projects -- monitoring and controlling projects -- Closing projects and best practices.
650 0 _aProject management.
650 0 _aInformation technology
_xManagement.
942 _cBK